"Portugal" In All Featured Languages - Statistics

General Stats
  • This quiz has been taken 30 times
  • The average score is 7 of 9
Answer Stats
Language Name % Correct
English Portugal
100%
French Portugal
100%
Spanish Portugal
100%
German Portugal
100%
Portuguese Portugal
100%
Dutch Portugal
100%
Polish Portugalia
42%
Finnish Portugali
38%
Italian Portogallo
33%
No matching quizzes found
Score Distribution
Percent of People with Each Score
Percentile by Number Answered
Your Score History
You have not taken this quiz